000 01160nam0a2200313 4500
001 RU\NLR\bibl\9135
005 20260406041931.0
010 _a5-736-0016-3
_9500
021 _aRU
_b98-12024
_9568
035 _a(NLR Aleph) 000008932
090 _a28833
_c28833
100 _a19981202d1997 |||y0rusy50 ca
101 0 _arus
102 _aRU
105 _aa |||||||||
200 1 _aИстория родного края
_fЕвгений Трещев
210 _aЩекино
_cБ.и.
_d1997
215 _a158 с., [10] л. ил., портр.
_d20
_cпортр.
320 _aСписок работ авт.: с. 154
320 _aБиблиогр. : с. 158
607 _aЩекино, город (Тульская область)
_xИстория
_92078982
_3RU\NLR\auth\661254849
607 _aТульская область
_xИстория
_91891830
_3RU\NLR\auth\661150736
686 _aТ3(2Р-4Тул)
700 1 _4070
_8rus
_7ca
_aТрещев
_bЕ. И.
_f1948 -
_gЕвгений Иванович
_3RU\NLR\auth\772272
_9112288
801 0 _aRU
_bNLR
_c19981202
_gPSBO
801 1 _aRU
_bNLR
_c19981202
852 _aNLR
_j98-3/3567
942 _cBOOK
980 _aNB